| 000 | 01488nam a2200253 i 4500 | ||
|---|---|---|---|
| 001 | 016200001779728 | ||
| 003 | CZ PrSKC | ||
| 005 | 20260511085707.0 | ||
| 008 | 260506s2026 xr ||| | cze | ||
| 020 |
_a9788028411817 _cKč 399,00 |
||
| 040 |
_aJHG001 _bcze _erda |
||
| 072 | 7 |
_a821.162.3-3 _xČeská próza _2Konspekt |
|
| 100 | 1 |
_aTrpková, Kristýna, _d1996- _4aut _913806 |
|
| 245 | 1 | 0 |
_aPříběhy z pitevny / _cKristýna Trpková, Pavel Toupalík |
| 250 | _aVydání první | ||
| 264 | 1 |
_aPraha : _bEuromedia Group, _c2026 |
|
| 300 |
_a156 stran ; _c21 cm |
||
| 520 | 2 | _aUznávaný soudní lékař Pavel Toupalík a princezna české krimi Kristýna Trpková spojili síly, aby čtenářům přiblížili, co se doopravdy děje za oponou pitevních sálů. Jaká je vlastně práce soudního znalce v naší zemi? Jak moc se realita na českých pitevnách liší od toho, co vidíme v televizi a čteme v knihách? Jsou podlahy na pitevnách vážně tak dokonale nablýskané a čisté jako na obrazovkách? Jaký byl nejbrutálnější čin, ke kterému byl Pavel za svou kariéru přivolán? Proč odborníci z tohoto oboru nedají dopustit na svůj pověstný černý humor? A na jaké oběti se ani po víc než třicetileté praxi a desítkách tisíců provedených pitev stejně zvyknout nedá? | |
| 655 | 7 | _ačeské romány | |
| 700 | 1 |
_aToupalík, Pavel, _d1966- _4aut _920746 |
|
| 710 | 2 |
_aEuromedia Group _4pbl _920440 |
|
| 910 | _aABG508 | ||
| 999 |
_c34265 _d34265 |
||